00537nam a2200157Ia 4500008004000000082001300040100002100053245003600074260004300110300000800153650005000161690001500211906001000226999001700236952012600253210210b1995 xxu||||| |||| 00| 0 eng d a510 RANT aRANGANATH (G K). aText book of mathematics. I PUC aDelhibHimalaya Publishing Housec1995 a550 aHimalaya I PUC mathematics Maths Mathematic aMathematic a05067 c99448d99448 011040708MathematicsaALbALcMathematicsd2021-02-17g98.00l0o510 RANTp050679r2021-02-17 00:00:00w2021-02-17yBK